The Strutt & Parker IPD lease events review 2011 (Record no. 113050)

MARC details
000 -LEADER
fixed length control field 01339cad a22002295a 4500
001 - CONTROL NUMBER
control field L154589
008 - FIXED-LENGTH DATA ELEMENTS--GENERAL INFORMATION
fixed length control field 120103s2011 xxk f 000 0 eng d
035 ## - SYSTEM CONTROL NUMBER
System control number (Sirsi) u154589
041 0# - LANGUAGE CODE
Language code of text/sound track or separate title eng
110 2# - MAIN ENTRY--CORPORATE NAME
Corporate name or jurisdiction name as entry element Strutt & Parker
9 (RLIN) 2509
245 04 - TITLE STATEMENT
Title The Strutt & Parker IPD lease events review 2011
Medium [electronic resource]
260 ## - PUBLICATION, DISTRIBUTION, ETC.
Place of publication, distribution, etc. London
Name of publisher, distributor, etc. Strutt & Parker
-- IPD
Date of publication, distribution, etc. 2011
490 #0 - SERIES STATEMENT
Series statement Strutt & Parker IPD Lease Events Review
520 ## - SUMMARY, ETC.
Summary, etc. Tracks the major lease events that determine the income stream from commercial real estate in the UK. Covers what has happened following a lease enquiry and also looks at what happens to the rent on a new lease compared to the previous lease. Identifies the results of break clauses, examines the proportion of leases where the tenant has entered into liquidation or receivership, and focuses on average vacancy rates.
590 ## - LOCAL NOTE (RLIN)
Local note NTK KA
651 #4 - SUBJECT ADDED ENTRY--GEOGRAPHIC NAME
Geographic name United Kingdom
Chronological subdivision
690 ## - LOCAL SUBJECT ADDED ENTRY--TOPICAL TERM (OCLC, RLIN)
Topical term or geographic name as entry element PROPERTY-COMMERCIAL PROPERTY-COMMERCIAL PROPERTY MARKET
690 ## - LOCAL SUBJECT ADDED ENTRY--TOPICAL TERM (OCLC, RLIN)
Topical term or geographic name as entry element PROPERTY-COMMERCIAL PROPERTY-LEASEHOLD COMMERCIAL PROPERTY-COMMERCIAL LANDLORD AND TENANT-COMMERCIAL LEASES
710 1# - ADDED ENTRY--CORPORATE NAME
Corporate name or jurisdiction name as entry element Investment Property Databank
9 (RLIN) 2288
856 40 - ELECTRONIC LOCATION AND ACCESS
Uniform Resource Identifier <a href="https://www.struttandparker.com/publications-and-research/research/lease-events-review-2011">https://www.struttandparker.com/publications-and-research/research/lease-events-review-2011</a>
Public note View this review free of charge at www.struttandparker.com
942 ## - ADDED ENTRY ELEMENTS (KOHA)
Suppress in OPAC 0
Holdings
Withdrawn status Lost status Source of classification or shelving scheme Damaged status Not for loan Home library Current library Shelving location Date acquired Total Checkouts Full call number Barcode Date last seen Copy number Price effective from Koha item type
    Dewey Decimal Classification     Virtual Virtual Online 02/01/2012   ONLINE PUBLICATION 154589-2001 06/08/2019 1 06/08/2019 Book